| 000 | 00611nam a2200229Ia 4500 | ||
|---|---|---|---|
| 003 | OSt | ||
| 005 | 20221005123727.0 | ||
| 006 | a|||||r|||| 00| 0 | ||
| 007 | ta | ||
| 008 | 221004b |||||||| |||| 00| 0 mal d | ||
| 024 | _a55260 | ||
| 037 | _cTextual | ||
| 040 |
_aCRL _cCRL _bmal |
||
| 041 |
_2mal _amal |
||
| 082 | _aO32,1M783:g, J3 | ||
| 100 |
_aSankaran Au. _9557080 |
||
| 245 | 0 |
_aMahakavi _b vallatholum abijnana sak shakunthalavum |
|
| 260 | _c1953 | ||
| 650 |
_aMALAYALAM POETRY _9185636 |
||
| 942 |
_hO32,1M783:g, J3 _cTEXL _2cc |
||
| 999 |
_c1048289 _d1048289 |
||